Pratical Manual for Engineering Chemistry (Record no. 2722)

MARC details
000 -LEADER
fixed length control field 00265nam a22001217a 4500
041 ## - LANGUAGE CODE
Language code of text/sound track or separate title ENG
100 ## - MAIN ENTRY--PERSONAL NAME
Personal name Gadge.S.R
245 ## - TITLE STATEMENT
Title Pratical Manual for Engineering Chemistry
260 ## - PUBLICATION, DISTRIBUTION, ETC. (IMPRINT)
Place of publication, distribution, etc Akola
Name of publisher, distributor, etc Dr.PDKV
Date of publication, distribution, etc 1999
300 ## - PHYSICAL DESCRIPTION
Extent 20
650 ## - SUBJECT ADDED ENTRY--TOPICAL TERM
Topical term or geographic name as entry element EOES (12)
856 ## - ELECTRONIC LOCATION AND ACCESS
Uniform Resource Identifier EOES (12)
Holdings
Withdrawn status Lost status Source of classification or shelving scheme Damaged status Not for loan Home library Current library Shelving location Date acquired Total Checkouts Barcode Date last seen Price effective from Koha item type
    Dewey Decimal Classification     College of Agricultural Engineering and Technology, Dapoli , Library College of Agricultural Engineering and Technology, Dapoli , Library Book Cart 09/12/2021   Z00030 09/12/2021 09/12/2021 Books

Contact Us: College of Agricultural Engineering and Technology, Dapoli, Dist.- Ratnagiri
Website: https://dbskkv.org Email: caetlibrary2015@gmail.com